000 00438pab a2200169 454500
008 180718b2014 xxu||||| |||| 00| 0 eng d
100 _aPai, Sudha
245 _aUttar Pradesh: Competitive communalism once again
260 _c2014
300 _ap.16-19.
362 _a12 Apr
650 _aCommunalism - India - Uttar Pradesh
650 _aCommunalism
773 _aEconomic and Political Weekly
908 _aN
909 _a105678
999 _c105673
_d105673